| 000 | 00000nas 2200000za 4500 |
| 001 | 9.500603 |
| 003 | CaOODSP |
| 005 | 20200325103555 |
| 007 | cr ||||||||||| |
| 008 | 150406d19971997xxc|| m o||||f| |0eng|d |
| 040 | |aCaOODSP|beng |
| 041 | |aeng |
| 041 | |afre |
| 043 | |an-cn--- |
| 086 | 1 |aH12-30-PDF |
| 110 | 1 |aCanada.|bHealth Canada. |bHealth Protection Branch. |
| 245 | 10|aAlert - medical devices / |h[electronic resource]|cIssued by the Medical Devices Directorate. |
| 246 | 1 |iVariant title : |aMedical devices alert |
| 260 | |aOttawa - Ontario : |bHealth Canada. |
| 310 | |aIrregular |
| 500 | |a"To: All Canadian physicians and surgeons."--Page 1. |
| 690 | 07|aMedical technology|2gcpds |
| 776 | 0#|tAlerte: matériels médicaux / |w(CaOODSP)9.509385 |
| 792 | |tAlerte : matériels médicaux / |efre|w(CaOODSP)9.500604 |